Interior World (Record no. 49018)

MARC details
000 -LEADER
fixed length control field 00483nam a2200181Ia 4500
008 - FIXED-LENGTH DATA ELEMENTS--GENERAL INFORMATION
fixed length control field 220805s9999 xx 000 0 und d
020 ## - INTERNATIONAL STANDARD BOOK NUMBER
International Standard Book Number 978-89-87223-92-2
041 ## - LANGUAGE CODE
Language code of text/sound track or separate title chi
082 ## - DEWEY DECIMAL CLASSIFICATION NUMBER
Classification number 725.57
260 ## - PUBLICATION, DISTRIBUTION, ETC. (IMPRINT)
Place of publication, distribution, etc. Korea
Name of publisher, distributor, etc. Archiworld co.Ltd
Date of publication, distribution, etc. 2003
245 ## - TITLE STATEMENT
Title Interior World
245 ## - TITLE STATEMENT
Remainder of title magazine for high quality interior design medical space II
250 ## - EDITION STATEMENT
Edition statement 1
300 ## - PHYSICAL DESCRIPTION
Extent 199
440 ## - SERIES STATEMENT/ADDED ENTRY--TITLE
Volume/sequential designation 13
650 ## - SUBJECT ADDED ENTRY--TOPICAL TERM
Topical term or geographic name as entry element Hospital Architecture
9 (RLIN) 89052
650 ## - SUBJECT ADDED ENTRY--TOPICAL TERM
Topical term or geographic name as entry element Interior decoration
9 (RLIN) 89053
Holdings
Withdrawn status Lost status Damaged status Not for loan Collection code Home library Current library Date acquired Vendor Full call number Barcode Date last seen Bill Date Koha item type Original Barcode
          Manilal Nanavati Vocational Training Institute Pune Manilal Nanavati Vocational Training Institute Pune 09/08/2022 Donated 725.57/ /B1663 MNVT-DB-1663 09/08/2022 09/08/2022 Donated Book DB1663